| 000 | 00488nam a22001457a 4500 | ||
|---|---|---|---|
| 003 | SGT | ||
| 082 |
_a616.024 _bE21G |
||
| 100 | _aGULLA, SUMIT | ||
| 245 | _aEVALUATION OF PLATELET INDICES & NEUTROPHIL-LYMPHOCYTE RATIO IN CASES OF TYPE 2 DIABETES MELLITUS AS A MARKER FOR DIABETIC MICROVASCULAR COMPLICATIONS AT A TERTIARY CARE HOSPITAL IN GURUGRAM, HARYANA, INDIA | ||
| 260 |
_aGURUGRAM _bSGT UNIVERSITY _c2021 |
||
| 300 | _a81 | ||
| 650 | _aMEDICINE | ||
| 653 | _aM.D | ||
| 942 |
_2ddc _cTH |
||
| 999 |
_c26548 _d26548 |
||